Confiance mutuelle dans l'espace pénal européen (Record no. 2572)

MARC details
000 -LEADER
fixed length control field 03573cam a2200625Li 4500
001 - CONTROL NUMBER
control field ocn493477147
003 - CONTROL NUMBER IDENTIFIER
control field TZ-ArACH
005 - DATE AND TIME OF LATEST TRANSACTION
control field 20130710124450.0
008 - FIXED-LENGTH DATA ELEMENTS--GENERAL INFORMATION
fixed length control field 051027s2005 be f b 100 0 fre d
015 ## - NATIONAL BIBLIOGRAPHY NUMBER
National bibliography number 00551822
Source bnf
016 7# - NATIONAL BIBLIOGRAPHIC AGENCY CONTROL NUMBER
Record control number FRBNF400331850000001
Source FrPBN
020 ## - INTERNATIONAL STANDARD BOOK NUMBER
International Standard Book Number 280041362X (br)
020 ## - INTERNATIONAL STANDARD BOOK NUMBER
International Standard Book Number 9782800413624 (br)
035 ## - SYSTEM CONTROL NUMBER
System control number (OCoLC)493477147
Canceled/invalid control number (OCoLC)469664744
040 ## - CATALOGING SOURCE
Original cataloging agency ZWZ
Description conventions ncafnor
Language of cataloging fre
Transcribing agency TZ-ArACH
Modifying agency BDF
-- CHRRO
-- UQ1
041 0# - LANGUAGE CODE
Language code of text/sound track or separate title fre
-- eng
049 ## - LOCAL HOLDINGS (OCLC)
Holding library TZAA
050 00 - LIBRARY OF CONGRESS CALL NUMBER
Classification number KJE9404
Item number C66
082 04 - DEWEY DECIMAL CLASSIFICATION NUMBER
Classification number 341.242
Edition number 21
082 04 - DEWEY DECIMAL CLASSIFICATION NUMBER
Classification number 345
Edition number 21
245 03 - TITLE STATEMENT
Title Confiance mutuelle dans l'espace pénal européen
Medium [Texte imprimé] = Mutual trust in the European criminal area /
Statement of responsibility, etc [séminaire international organisé les 3 et 4 mars 2005 par la Présidence Luxembourgeoise du Conseil de l'Union européenne, la section juridique de l'Institut d'études européennes de l'Université libre de Bruxelles et l'Académie de droit européen de Trèves] ; édité par Gilles de Kerchove et Anne Weyembergh ; préface de Franco Frattini ; introduction de Luc Frieden ; postface de Dean Spielmann.
246 11 - VARYING FORM OF TITLE
Title proper/short title Mutual trust in the European criminal area
260 ## - PUBLICATION, DISTRIBUTION, ETC. (IMPRINT)
Place of publication, distribution, etc [Bruxelles] :
Name of publisher, distributor, etc Éditions de l'Université de Bruxelles,
Date of publication, distribution, etc 2005.
300 ## - PHYSICAL DESCRIPTION
Extent 1 vol. (337 p.) :
Other physical details couv. ill. en coul. ;
Dimensions 24 cm.
490 1# - SERIES STATEMENT
Series statement Collection "Études européennes"
500 ## - GENERAL NOTE
General note Textes en français et en anglais.
504 ## - BIBLIOGRAPHY, ETC. NOTE
Bibliography, etc Notes bibliogr.
540 ## - TERMS GOVERNING USE AND REPRODUCTION NOTE
Institution to which field applies 250562104
Terms governing use and reproduction NAEUR
546 ## - LANGUAGE NOTE
Language note Texte issu d'un séminaire organisé par la Présidence luxembourgeoise du Conseil de l'Union européenne, la section juridique de l'Institut d'études européennes de l'Université libre de Bruxelles et l'Académie de droit européen de Trèves, 3-4 mars 2005.
610 27 - SUBJECT ADDED ENTRY--CORPORATE NAME
Corporate name or jurisdiction name as entry element Union européenne.
9 (RLIN) 12546
650 #7 - SUBJECT ADDED ENTRY--TOPICAL TERM
Topical term or geographic name as entry element Entraide judiciaire européenne
General subdivision Congrès.
9 (RLIN) 12557
650 #7 - SUBJECT ADDED ENTRY--TOPICAL TERM
Topical term or geographic name as entry element Droit pénal (droit européen)
General subdivision Congrès.
9 (RLIN) 12558
650 #7 - SUBJECT ADDED ENTRY--TOPICAL TERM
Topical term or geographic name as entry element Justice pénale
General subdivision Administration
Geographic subdivision Pays de l'Union européenne
General subdivision Congrès.
9 (RLIN) 12559
650 #7 - SUBJECT ADDED ENTRY--TOPICAL TERM
Topical term or geographic name as entry element Jugements étrangers (droit européen)
General subdivision Congrès.
9 (RLIN) 12560
650 #7 - SUBJECT ADDED ENTRY--TOPICAL TERM
Topical term or geographic name as entry element Criminal justice, administration
Form subdivision Congresses
Geographic subdivision European Countries
9 (RLIN) 12561
650 #7 - SUBJECT ADDED ENTRY--TOPICAL TERM
Topical term or geographic name as entry element Extradition
Form subdivision Congresses
Geographic subdivision European Union Countries
9 (RLIN) 12562
650 #7 - SUBJECT ADDED ENTRY--TOPICAL TERM
Topical term or geographic name as entry element Judicial assistance
Form subdivision Congresses
Geographic subdivision European Union Countries
9 (RLIN) 12563
650 #7 - SUBJECT ADDED ENTRY--TOPICAL TERM
Topical term or geographic name as entry element Extradition
Form subdivision Congresses
Geographic subdivision European Union Countries
9 (RLIN) 12564
650 #7 - SUBJECT ADDED ENTRY--TOPICAL TERM
Topical term or geographic name as entry element Administration de la justice.
9 (RLIN) 12565
650 #7 - SUBJECT ADDED ENTRY--TOPICAL TERM
Topical term or geographic name as entry element Coopération judiciaire internationale.
9 (RLIN) 12566
650 #7 - SUBJECT ADDED ENTRY--TOPICAL TERM
Topical term or geographic name as entry element Justice pénale.
9 (RLIN) 12567
651 #7 - SUBJECT ADDED ENTRY--GEOGRAPHIC NAME
Geographic name Pays de l'Union européenne.
9 (RLIN) 12547
700 1# - ADDED ENTRY--PERSONAL NAME
Personal name De Kerchove d'Ousselghem, Gilles
Dates associated with a name (1956-....).
Relator term Éditeur scientifique.
9 (RLIN) 12552
700 1# - ADDED ENTRY--PERSONAL NAME
Personal name Weyembergh, Anne.
Relator term Éditeur scientifique.
9 (RLIN) 12553
700 1# - ADDED ENTRY--PERSONAL NAME
Personal name Frattini, Franco
Dates associated with a name (1957-....).
Relator term Préface.
9 (RLIN) 12554
700 1# - ADDED ENTRY--PERSONAL NAME
Personal name Frieden, Luc.
Relator term Préface.
9 (RLIN) 12555
700 1# - ADDED ENTRY--PERSONAL NAME
Personal name Spielmann, Dean.
Relator term Postface.
9 (RLIN) 12556
710 2# - ADDED ENTRY--CORPORATE NAME
Corporate name or jurisdiction name as entry element Union européenne.
Subordinate unit Conseil.
Relator term Éditeur scientifique.
9 (RLIN) 12548
710 2# - ADDED ENTRY--CORPORATE NAME
Corporate name or jurisdiction name as entry element Institut d'études européennes (Bruxelles).
Relator term Éditeur scientifique.
9 (RLIN) 12549
710 2# - ADDED ENTRY--CORPORATE NAME
Corporate name or jurisdiction name as entry element Académie de droit européen (Trèves).
Relator term Éditeur scientifique.
9 (RLIN) 12550
830 #0 - SERIES ADDED ENTRY--UNIFORM TITLE
Uniform title Etudes européennes.
9 (RLIN) 12551
856 42 - ELECTRONIC LOCATION AND ACCESS
Materials specified Notice et cote du catalogue de la Bibliothèque nationale de France
Uniform Resource Identifier <a href="http://catalogue.bnf.fr/ark:/12148/cb400331859">http://catalogue.bnf.fr/ark:/12148/cb400331859</a>
942 ## - ADDED ENTRY ELEMENTS (KOHA)
Source of classification or shelving scheme Library of Congress Classification
Koha item type Books
Holdings
Home library Current library Shelving location Date acquired Full call number Barcode Koha item type
African Court on Human and Peoples' Rights Library African Court on Human and Peoples' Rights Library   10/07/2013 KJE9404 .C66 10029931 Books

African Court on Human and Peoples' Rights | For Inquiries Contact » +255 272 510 510